书目信息 |
| 题名: |
智力因素与学习
|
|
| 作者: | 燕国材 著 | |
| 分册: | ||
| 出版信息: | 北京 教育科学出版社 2002 |
|
| 页数: | 299页 | |
| 开本: | 20cm | |
| 丛书名: | ||
| 单 册: | ||
| 中图分类: | B848.5 , G442 | |
| 科图分类: | ||
| 主题词: | 智力--关系--学习心理学--研究 | |
| 电子资源: | ||
| ISBN: | 7-5041-2354-4 | |
| 000 | 00742nam0 2200229 450 | |
| 001 | 1575617905 | |
| 005 | 20150125210035.40 | |
| 010 | @a7-5041-2354-4@dCNY15.00 | |
| 100 | @a20030114d2002----em-y0chiy0110----ea | |
| 101 | 0 | @achi |
| 102 | @aCN@b110000 | |
| 105 | @ay---z---000yy | |
| 200 | 1 | @a智力因素与学习@9zhi li yin su yu xue xi@f燕国材著 |
| 210 | @a北京@c教育科学出版社@d2002 | |
| 215 | @a299页@d20cm | |
| 330 | @a本书共分八章,具体讲述了智力的性质,讨论智力与能力、非智力因素的关系,智力在学习中的作用等内容,并深入探讨智力因素的培养问题。 | |
| 606 | 0 | @a智力@x关系@x学习心理学@x研究 |
| 690 | @aB848.5@v5 | |
| 690 | @aG442@v5 | |
| 701 | 0 | @a燕国材@9yan guo cai@f(1931~)@4著 |
| 801 | 0 | @aCN@bTSSF@c20150125 |
| 905 | @aZUCC@dB848.5@eJY6 | |
| 智力因素与学习/燕国材著.-北京:教育科学出版社,2002 |
| 299页;20cm |
| ISBN 7-5041-2354-4:CNY15.00 |
| 本书共分八章,具体讲述了智力的性质,讨论智力与能力、非智力因素的关系,智力在学习中的作用等内容,并深入探讨智力因素的培养问题。 |
| ● |
| 相关链接 |
|
|
|
|
正题名:智力因素与学习
索取号:B848.5/JY6
 
预约/预借
| 序号 | 登录号 | 条形码 | 馆藏地/架位号 | 状态 | 备注 |
| 1 | 7844612 | 278446120 | 学院路分馆/ [索取号:B848.5/JY6] | 在馆 | |
| 2 | 7844613 | 278446139 | 学院路分馆/ [索取号:B848.5/JY6] | 在馆 |